Nové trendy marketingovej komunikácie obchodnej spoločnosti diplomová práca

Guardado en:
Detalles Bibliográficos
Autor principal: Plevková, Mária
Autor Corporativo: Obchodná fakulta EU. Katedra informatiky obchodných firiem
Otros Autores: Potisková, Ingrid
Formato: Libro
Lenguaje:eslovaco
Publicado: Bratislava 2017
Etiquetas: Agregar Etiqueta
Sin Etiquetas, Sea el primero en etiquetar este registro!

MARC

LEADER 00000nbm a2200000 4500
001 0230584
005 20171003101703.3
041 0 |a slo 
044 |a SK 
245 1 0 |a Nové trendy marketingovej komunikácie obchodnej spoločnosti  |b diplomová práca  |c Mária Plevková ; školiteľ: Ingrid Potisková 
264 1 |a Bratislava  |c 2017 
300 |a 76 s. 
100 1 |a Plevková, Mária 
700 1 |a Potisková, Ingrid 
710 2 |a Obchodná fakulta EU. Katedra informatiky obchodných firiem